Seniorské centrum
Gespeichert in:
| 1. Verfasser: | |
|---|---|
| Weitere Verfasser: | |
| Format: | Manuskript Buch |
| Sprache: | Slowakisch |
| Veröffentlicht: |
2017
|
| Schlagworte: | |
| Online-Zugang: | http://is.stuba.sk/zp/portal_zp.pl?podrobnosti=126646 https://opac.crzp.sk/?fn=detailBiblioForm&sid=4CB0668AE2C8F277B3A2AFAC843C |
| Tags: |
Keine Tags, Fügen Sie das erste Tag hinzu!
|
MARC
| LEADER | 00000ntm a22000003a 4500 | ||
|---|---|---|---|
| 001 | stuzp62424 | ||
| 003 | SK-STU | ||
| 005 | 20230815110914.7 | ||
| 007 | ta | ||
| 008 | 150427s2015----xo-----f-mn---000-0-slo-d | ||
| 040 | |a STU |b slo | ||
| 041 | 0 | |a slo | |
| 100 | 1 | |a Kubaliaková, Jana |u 010310 |4 aut |U SvF Stavebná fakulta |T SvF Katedra architektúry |X 9579 |U V181|V310 |Y 19 |7 9579 | |
| 242 | 0 | 1 | |a The Senior Centre |y eng |
| 245 | 1 | 0 | |a Seniorské centrum |
| 260 | |c 2017 | ||
| 650 | 4 | |a seniori |2 slo | |
| 650 | 4 | |a bývanie |2 slo | |
| 650 | 4 | |a seniorské centrum |2 slo | |
| 650 | 4 | |a seniors |2 eng | |
| 650 | 4 | |a housing |2 eng | |
| 650 | 4 | |a senior centre |2 eng | |
| 700 | 1 | |a Bauer, Peter |u 010310 |k Z1 |4 ths |U SvF Stavebná fakulta |T SvF Katedra architektúry |X 37982 |U V181|V310 |Y 19 |7 A000037982 | |
| 856 | 4 | |u http://is.stuba.sk/zp/portal_zp.pl?podrobnosti=126646 | |
| 856 | 4 | |u https://opac.crzp.sk/?fn=detailBiblioForm&sid=4CB0668AE2C8F277B3A2AFAC843C | |